000 00749nam a22002057a 4500
999 _c9905
_d9905
003 AR-CdUCM
008 190328b ||||| |||| 00| 0 spa d
040 _aMUNICIPALIDAD PROVINCIAL DEL CUSCO
_cBIBLIOTECA MUNICIPAL DEL CUSCO
082 _a338.947 /
_bM26 C / 1945
100 _aMarshak Ilin, Yakovlevich,
_922409
245 _aCinco años y un mundo nuevo /
260 _aLa Plata :
_b Edit. Calomino,
_c1945
300 _a175 paginas ;
_c18 cm.
505 _aContenido : Dos mundos -- Explicación del plan -- La conquista del propio país -- Como se doma el agua y el viento -- El carbón y el trabajo...
650 _aMundo nuevo
_926440
650 _aHistoria
_9136
650 _aNaturaleza
_94241
942 _2ddc
_cLIBROS
945 _awnts